UBT Library

The Private side of American history : (Record no. 42607)

000 -LEADER
fixed length control field 00664cam a2200229 i 4500
001 - CONTROL NUMBER
control field 4157615
005 - DATE AND TIME OF LATEST TRANSACTION
control field 20180215042421.0
008 - FIXED-LENGTH DATA ELEMENTS--GENERAL INFORMATION
fixed length control field 790524s1979 nyua b 000 0 eng
010 ## - LIBRARY OF CONGRESS CONTROL NUMBER
LC control number 78071873
020 ## - INTERNATIONAL STANDARD BOOK NUMBER
International Standard Book Number 0155719645 (v. 1)
040 ## - CATALOGING SOURCE
Original cataloging agency DLC
Transcribing agency DLC
Modifying agency DLC
041 ## - LANGUAGE CODE
Language code of text/sound track or separate title eng
043 ## - GEOGRAPHIC AREA CODE
Geographic area code n-us---
080 ## - UNIVERSAL DECIMAL CLASSIFICATION NUMBER
Universal Decimal Classification number 973
082 00 - DEWEY DECIMAL CLASSIFICATION NUMBER
Classification number 973 NASH
Edition number 19
100 ## - Rafti
Rafti 16
101 ## - Shkurtesa
Shkurtesa HIS
245 04 - TITLE STATEMENT
Title The Private side of American history :
Statement of responsibility, etc edited by Gary B. Nash, under the general editorship of John Morton Blum.
504 ## - BIBLIOGRAPHY, ETC. NOTE
Bibliography, etc Includes bibliographies.
906 ## - LOCAL DATA ELEMENT F, LDF (RLIN)
a 7
b cbc
c orignew
d 2
e opcn
f 19
g y-gencatlg
942 ## - ADDED ENTRY ELEMENTS (KOHA)
Source of classification or shelving scheme
Item type Books
Holdings
Withdrawn status Lost status Source of classification or shelving scheme Damaged status Not for loan Collection code Permanent location Current location Shelving location Date acquired Total Checkouts Full call number Barcode Date last seen Price effective from Koha item type
          Koleksioni i përgjithshem UBT - Lipjan UBT - Lipjan Koleksioni i përgjithshem 02/15/2018   973 NASH 002-2997364 02/15/2018 02/15/2018 Books
UBT Library © 2015-2024. All rights reserved University Education for Business and Technology